Crónicas sobre la vida del siervo de Dios Rafael García Herreros /

Bibliographic Details
Main Author: Cacua Prada, Antonio (Author)
Format: Electronic eBook
Language:Spanish
Published: Bogotá D. C. - Colombia : Corporación Universitaria Minuto de Dios - UNIMINUTO, [2024]
Subjects:
Online Access:Digitalia Hispánica

MARC

LEADER 00000nam a2200000Ii 4500
001 DIGCUMD0325
003 NyNyDIG
006 m o d
007 cr |||||||||||
008 241001s2024 ck a ob 001 0bspa d
035 |a (OCoLC)1460842796 
040 |a DGITA  |b eng  |e rda  |e pn  |c DGITA 
020 |a 9789587637076  |q eBook 
020 |z 9789587637069 
050 1 4 |a BV659 ebook 
100 1 |a Cacua Prada, Antonio,  |e author. 
245 1 0 |a Crónicas sobre la vida del siervo de Dios Rafael García Herreros /  |c Antonio Cacua Prada. 
246 1 4 |a Crónicas del siervo de Dios Rafael García Herreros 
264 1 |a Bogotá D. C. - Colombia :  |b Corporación Universitaria Minuto de Dios - UNIMINUTO,  |c [2024] 
300 |a 1 online resource :  |b illustrations. 
336 |a text  |b txt  |2 rdacontent 
337 |a computer  |b c  |2 rdamedia 
338 |a online resource  |b cr  |2 rdacarrier 
347 |a text file  |2 rdaft 
347 |b PDF 
504 |a Includes bibliographical references and index. 
588 0 |a Online resource; title from PDF title page (Digitalia, viewed October 1, 2024) 
600 1 0 |a García Herreros, Rafael  |v Biography. 
650 0 |a Priests  |v Biography. 
776 0 8 |i Print version:  |a Cacua Prada, Antonio.  |t Crónicas sobre la vida del siervo de Dios Rafael García Herreros.  |d Bogotá D. C. - Colombia : Corporación Universitaria Minuto de Dios - UNIMINUTO, [2024]  |z 9789587637069 
791 2 |a Digitalia (Firm),  |e distributor. 
793 0 |g Digitalia eBook Collection:  |a Corporación Universitaria Minuto de Dios 
856 4 0 |3 Digitalia Hispánica  |u https://www.digitaliapublishing.com/a/160771/ 
910 |a Premium collection: 2024